La economía yugoslava / (Record no. 153879)

MARC details
000 -LEADER
campo de control de longitud fija 00867nam a2200229 i 4500
001 - NÚMERO DE CONTROL
campo de control 153879
003 - IDENTIFICADOR DE NÚMERO DE CONTROL
campo de control ES-MaACL
005 - FECHA Y HORA DE LA ÚLTIMA TRANSACCIÓN
campo de control 20250922144649.0
008 - DATOS DE LONGITUD FIJA--INFORMACIÓN GENERAL
campo de control de longitud fija 190204s1964 sp |||| | spa d
100 1# - ENTRADA PRINCIPAL--NOMBRE DE PERSONA
Nombre de persona Caire, Guy.
9 (RLIN) 166102
245 13 - MENCIÓN DEL TÍTULO
Título La economía yugoslava /
Mención de responsabilidad, etc. Guy Caire ; traducción de Nuria Bozzo y J. Petit Fontsere ; presentacion de J.A. González Casanova.
260 ## - PUBLICACIÓN, DISTRIBUCIÓN, ETC.
Lugar de publicación, distribución, etc. Barcelona :
Nombre del editor, distribuidor, etc. Nova Terra,
Fecha de publicación, distribución, etc. 1964.
300 ## - DESCRIPCIÓN FÍSICA
Extensión 183 p. ;
Dimensiones 21 cm.
490 1# - MENCIÓN DE SERIE
Mención de serie Colección "El Mundo y los hombres" ;
Designación de volumen o secuencia 4
651 #4 - PUNTO DE ACCESO ADICIONAL DE MATERIA--NOMBRE GEOGRÁFICO
Nombre geográfico Yugoslavia-
Subdivisión general Situación económica-
Subdivisión cronológica 1945-1989.
9 (RLIN) 166103
700 0# - ENTRADA AGREGADA--NOMBRE PERSONAL
Nombre de persona Bozzo Durán, Nuria.
9 (RLIN) 31222
700 0# - ENTRADA AGREGADA--NOMBRE PERSONAL
Nombre de persona Petit Fontserè, Jordi.
9 (RLIN) 91517
700 1# - ENTRADA AGREGADA--NOMBRE PERSONAL
Nombre de persona González Casanova, J. A.,
Fechas asociadas al nombre 1935-
9 (RLIN) 144814
830 00 - PUNTO DE ACCESO ADICIONAL DE SERIE-TÍTULO UNIFORME
Título uniforme Colección el mundo y los hombres
Designación de volumen o secuencia 4
9 (RLIN) 187821
852 ## - LOCALIZACIÓN
Ubicación ES-MaACL
Número de control de estantería P-437-bis-2
Holdings
Estatus retirado Estado de pérdida Estado de daño No para préstamo Biblioteca de origen Biblioteca actual Ubicación en estantería Fecha de adquisición Fuente de adquisición Total de préstamos Signatura topográfica completa Código de barras Visto por última vez Precio de reemplazo Tipo de ítem Koha
        Biblioteca del Ateneo de Madrid Biblioteca del Ateneo de Madrid Depósito 2 04/02/2019     P-437-bis-2 1199781 23/02/2023 23/02/2023 Libro impreso